The Divine Feminine - Mac Miller - Statistics

General Stats
  • This quiz has been taken 103 times
  • The average score is 8 of 10
Answer Stats
Track # Answer % Correct
1 Congratulations (feat. Bilal)
94%
5 Cinderella (feat. Ty Dolla $ign)
83%
2 Dang! (feat. Anderson .Paak)
81%
3 Stay
81%
10 God Is Fair, Sexy Nasty (feat. Kendrick Lamar)
80%
8 We (feat. CeeLo Green)
77%
4 Skin
75%
9 My Favorite Part (feat. Ariana Grande)
72%
7 Soulmate
65%
6 Planet God Damn (feat. Njomza)
63%
No matching quizzes found
Score Distribution
Percent of People with Each Score
Percentile by Number Answered
Your Score History
You have not taken this quiz